Dynamické prideľovanie šírky pásma v sieti EPON
Salvato in:
| Autore principale: | |
|---|---|
| Altri autori: | |
| Natura: | Manoscritto Libro |
| Lingua: | slovacco |
| Pubblicazione: |
2017
|
| Soggetti: | |
| Accesso online: | http://is.stuba.sk/zp/portal_zp.pl?podrobnosti=119806 |
| Tags: |
Nessun Tag, puoi essere il primo ad aggiungerne!!
|
MARC
| LEADER | 00000ntm a22000003a 4500 | ||
|---|---|---|---|
| 001 | stuzp52658 | ||
| 003 | SK-STU | ||
| 005 | 20170703135531.2 | ||
| 007 | ta | ||
| 008 | 150427s2015----xo-----f-mn---000-0-slo-d | ||
| 040 | |a STU |b slo | ||
| 041 | 0 | |a slo | |
| 044 | |a xo | ||
| 100 | 1 | |a Hajduk, Richard |u 037000 |4 aut |U FEI Fakulta elektrotechniky a informatiky |T FEI Ústav multimediálnych informačných a komunikačných technológií |X 8606 |U E070 |Y 818 |7 A000008606 | |
| 242 | 0 | 1 | |a The Dynamic Bandwidth Allocation in the EPON |y eng |
| 245 | 1 | 0 | |a Dynamické prideľovanie šírky pásma v sieti EPON |
| 260 | |c 2017 | ||
| 300 | |a 53 s., |b CD-ROM | ||
| 650 | 4 | |a šírka pásma |2 slo | |
| 650 | 4 | |a optická sieťová jednotka |2 slo | |
| 650 | 4 | |a pasívna optická sieť |2 slo | |
| 650 | 4 | |a bandwidth |2 eng | |
| 650 | 4 | |a optical network unit |2 eng | |
| 650 | 4 | |a passive optical network |2 eng | |
| 700 | 1 | |a Róka, Rastislav |u 037000 |k Z1 |4 ths |U FEI Fakulta elektrotechniky a informatiky |T FEI Ústav multimediálnych informačných a komunikačných technológií |X 1946 |U E070 |Y 818 |7 A000001946 | |
| 856 | 4 | |u http://is.stuba.sk/zp/portal_zp.pl?podrobnosti=119806 | |
| 996 | |b 284EP11754 |c E*DIPL- 11754 |l EE37 |s P |a 0 |w stuzp52658_0001 | ||